000 00421nam a2200157Ia 4500
003 GCL
008 140319s9999 xx 000 0 eng d
040 _aGCL /
_cGCL
082 0 4 _a641.22
_bR O
100 1 _aROBINSON, JANCIS
245 1 0 _aTHE OXFORD COMPANION TO WINE /
_cROBINSON, JANCIS
260 _a[S.N] :
_bOXFORD UNIVERSITY PRESS ،
_c1994
300 _a1088
650 0 4 _aWINE AND WINE MAKING
942 _2ddc
_cBK
999 _c10920
_d10920